000 00498nam a2200157 i 4500
001 96364
003 ES-MaACL
005 20230906181911.0
007 t|
008 050616s1960 sp ||||1| spa d
100 1 _aMainer Pascual, Lázaro José.
_975600
245 1 0 _aSicosis de exámenes
_b: (Andanzas de Matutiña Tembleque) /
_cLázaro José Mainer Pascual.
260 _aZaragoza :
_b[s.n.],
_c1960 (
_fGraf. La Editorial)
300 _a81 p. ;
_c22 cm.
852 _aES-MaACL
_jC-18664
_bR.46747
999 _c96364
_d96364